| 000 | 00339nam a2200133Ia 4500 | ||
|---|---|---|---|
| 005 | 20260328104335.0 | ||
| 008 | 260328s9999||||xx |||||||||||||| ||und|| | ||
| 100 | _aSkriver, Poul Erik | ||
| 245 | 0 |
_aGuide to Modern Danish Architecture / _cPoul Erik Skriver |
|
| 260 | _bCo-operation | ||
| 300 | _a108 p. | ||
| 650 | _aPLANOS | ||
| 942 | _cBK | ||
| 999 |
_c11869 _d11869 |
||